Central Library OPAC University of Rajshahi

Social health insurance for developing nations / (Record no. 60916)

MARC details
000 -LEADER
fixed length control field 01334nam a2200385 a 4500
001 - CONTROL NUMBER
control field 60916
003 - CONTROL NUMBER IDENTIFIER
rucl marc code BD-RjUL
005 - DATE AND TIME OF LATEST TRANSACTION
control field 20211209080909.0
008 - FIXED-LENGTH DATA ELEMENTS--GENERAL INFORMATION
fixed length control field 170104s2007 dcuab b i000 0 eng
020 ## - INTERNATIONAL STANDARD BOOK NUMBER
International Standard Book Number 9780821369494 (pbk.)
International Standard Book Number 0821369490 (pbk.)
International Standard Book Number 0821369504
International Standard Book Number 9780821369500
035 ## - SYSTEM CONTROL NUMBER
System control number (BD-RjUL)61040
040 ## - CATALOGING SOURCE
Original cataloging agency BD-RjUL
Transcribing agency BD-RjUL
Modifying agency BD-RjUL
Language of cataloging eng
041 ## - LANGUAGE CODE
Language code of text/sound track or separate title eng
082 ## - DEWEY DECIMAL CLASSIFICATION NUMBER
Edition number 23
Classification number 368.382091724
Author mark and year HSS 2007
100 1# - MAIN ENTRY--PERSONAL NAME
Personal name Hsiao, William C.
9 (RLIN) 181638
245 10 - TITLE STATEMENT
Title Social health insurance for developing nations /
Statement of responsibility, etc. William C. Hsiao and R. Paul Shaw, with contributions by Andrew Fraker ... [et al.].
260 ## - PUBLICATION, DISTRIBUTION, ETC. (IMPRINT)
Place of publication, distribution, etc. Washington, D.C. :
Name of publisher, distributor, etc. World Bank,
Date of publication, distribution, etc. c2007.
300 ## - PHYSICAL DESCRIPTION
Pagination xi, 172 p. :
Illustrations ill. ;
Size 27 cm.
504 ## - BIBLIOGRAPHY, ETC. NOTE
Bibliography, etc Includes bibliographical references.
650 #0 - SUBJECT ADDED ENTRY--TOPICAL TERM
Topical term or geographic name as entry element Health insurance
Geographic subdivision Developing countries.
9 (RLIN) 181640
Topical term or geographic name as entry element Social security
Geographic subdivision Developing countries.
9 (RLIN) 181641
Topical term or geographic name as entry element Health, insurance.
9 (RLIN) 181642
Topical term or geographic name as entry element Social Security
General subdivision economics.
9 (RLIN) 181643
Topical term or geographic name as entry element Developing Countries.
9 (RLIN) 172297
Topical term or geographic name as entry element Health Policy.
9 (RLIN) 178508
700 1# - ADDED ENTRY--PERSONAL NAME
Personal name Shaw, R. Paul.
Personal name Fraker, Andrew.
710 2# - ADDED ENTRY--CORPORATE NAME
Corporate name or jurisdiction name as entry element World Bank.
9 (RLIN) 171728
830 ## - SERIES ADDED ENTRY--UNIFORM TITLE
Uniform title WBI development studies
942 ## - ADDED ENTRY ELEMENTS (KOHA)
Source of classification or shelving scheme Dewey Decimal Classification
Koha item type Books
Holdings
Lost status Source of classification or shelving scheme Damaged status Not for loan Collection code Permanent Location Current Location Shelving location Date acquired Source of acquisition Cost, normal purchase price Total Checkouts Full call number Date last seen Copy number Koha item type
  Dewey Decimal Classification   Not For Loan Non-fiction Central Library, University of Rajshahi Central Library, University of Rajshahi Reading Room 27/03/2008 Dhaka, MIDAS 20.00   368.382091724 HSS 2007 04/01/2017 C-1 Books